Statistiques concernant Prénoms célèbres n°2

Cliquez ici pour prendre le quiz!

Statistiques générales

  • Ce quiz a été pris 652 fois
  • Le résultat moyen est 15 sur 18

Statistiques - réponses

PrénomNoms de famille% Correct
MarieCurie, de France, Antoinette
98%
ÉmileZola, Servan-Schreiber, Loubet
97%
GerardDepardieu, Douffet, Plessers
96%
JeanneMoreau, Aubert, d'Arc
96%
AlbertCamus, Einstein, L'Ouvrier
95%
MarineBrenier, le Pen, Vacht, Lorphelin
94%
MarionBartoli, Cotillard, Maréchal-Le Pen
94%
YvesSaint Laurent, Montand, Dreyfus
93%
GeorgeSand, Lucas, Bush
92%
LucBesson, Alphand, Jacquet
87%
IsabelleHuppert, Adjani, Debré
84%
MarcelProust, Marceau, Duchamp
84%
FrankGehry , Sinatra, Capra
82%
ClaudeDebussy, Jade, Monet
79%
BorisBecker, Eltisine, Vian
76%
JulietteBinoche, Lewis, Gréco
74%
AndréMahé, Gide, Citroën
59%
HenriRousseau, Matisse, de Toulouse-Lautrec
51%

Distribution des résultats

Percentile par nombre de réponses

% des personnes avec chaque résultat

Votre développement - résultats

Vous n’avez pas pris ce quiz